Hollywood's Highest Paid Actors - Statistics

General Stats
  • This quiz has been taken 61 times
  • The average score is 2 of 5
Answer Stats
Salary Actor % Correct
75,000,000 Robert Downey Junior
69%
46,000,000 Dwayne Johnson
37%
52,000,000 Mark Wahlberg
25%
55,000,000 Hugh Jackman
21%
60,000,000 Channing Tatum
13%
No matching quizzes found
Score Distribution
Percent of People with Each Score
Percentile by Number Answered
Your Score History
You have not taken this quiz